|
|
|
|
| LEADER |
00000nab a2200000 a 4500 |
| 001 |
vtls000749442 |
| 003 |
SK-MaSNL |
| 005 |
20260304124303.0 |
| 008 |
250429c1999 xo 0 slo |
| 015 |
|
|
|a SNBRB2000/12-35708
|
| 035 |
|
|
|a CLN000101252
|
| 035 |
|
|
|a urn:nbn:sk:snk-ab2eiv
|
| 035 |
|
|
|a (urnnbn)urn:nbn:sk:snk:ar-a0294y
|
| 035 |
|
|
|a (uuid)6911c070-de62-4963-88b2-f3478df49b80
|
| 040 |
|
|
|a SNKBUCL
|b slo
|c SNKBUCL
|e AACR2
|
| 041 |
0 |
|
|a slo
|
| 044 |
|
|
|a xo
|c SK
|
| 080 |
|
|
|a 616.988.43:578.8
|2 1997
|
| 245 |
0 |
0 |
|a Monoclonal antibodies to an Indian strain of type A foot-and-mouth disease virus
|c C. Tosh ... [et al.]
|
| 300 |
|
|
|b Obr., tab.
|
| 504 |
|
|
|a Res. angl.
|
| 504 |
|
|
|a Bibliogr. odkazy
|
| 650 |
0 |
7 |
|a vírus slintačky a krívačky
|2 SNK
|9 1434975
|
| 650 |
0 |
7 |
|a klinické epitopy
|2 SNK
|9 1434976
|
| 650 |
0 |
7 |
|a ELISA CL, IS, ST
|2 SNK
|9 1434977
|
| 650 |
0 |
7 |
|a vakcinácia
|2 SNKPH
|9 2552
|
| 650 |
0 |
7 |
|a monoklonálne protilátky
|2 SNKPH
|9 100930
|
| 655 |
|
7 |
|a články z novín a časopisov
|2 SNK
|9 267496
|
| 700 |
1 |
|
|a Tosh, C.
|4 aut
|9 1174046
|
| 700 |
1 |
|
|a Venkataramanan, R.
|4 aut
|9 1151208
|
| 700 |
1 |
|
|a Pattnaik, B.
|4 aut
|9 1174045
|
| 700 |
1 |
|
|a Hemadri, D.
|4 aut
|9 1173163
|
| 700 |
1 |
|
|a Sanyal, A.
|4 aut
|9 1174044
|
| 773 |
0 |
|
|t Acta virologica
|g Roč. 43, č. 4 (1999), s. 219-225
|x 001-723X
|
| 850 |
|
|
|a Slovenská národná knižnica
|
| 852 |
|
|
|a Slovenská národná knižnica
|
| 954 |
|
|
|a odborná, vedecká literatúra pôvodná (slovenská)
|2 lita
|
| 958 |
|
|
|a article27
|
| 958 |
|
|
|a NB
|
| 958 |
|
|
|a MI
|
| 958 |
|
|
|a OND
|
| 958 |
|
|
|a EUIPO
|
| 992 |
|
|
|a RBX
|
| 999 |
|
|
|c 2891021
|d 2892951
|